000 03420cam8a220069702 4500
001 lcf00006097
008 750714m19361960po abce e 000 0 pord
010 _a 36032193 //r752
035 _a(Sirsi) r63258
035 _a(DLC) 36032193 //r752
035 _a(UPRA)lcf00006097
040 _dUPRA
050 0 _aAE37
_b.G7
082 _a036/.9
245 0 0 _aGrande enciclopedia portuguesa e brasileira :
_bIlustrada com c^erca de 15.000 gravuras e 400 hors-textes a c^ores ...
260 _aLisboa ; Rio de Janeiro :
_aLisboa ; Rio de Janeiro :
_bEditorial Enciclopedia, limitada,
_c[1936-60]
300 _a40 v. : ill. (incl. coats of arms) plates (pt. folded, part col.) ports. (part col.) maps (pt. folded, part col.) facsims. (part col.) ill., plans ; 26 cm.
_b40 v. : ill. (incl. coats of arms) plates (pt. folded, part col.) ports. (part col.) maps (pt. folded, part col.) facsims. (part col.) ill., plans ; 26 cm.
_c40 v. : ill. (incl. coats of arms) plates (pt. folded, part col.) ports. (part col.) maps (pt. folded, part col.) facsims. (part col.) ill., plans ; 26 cm.
500 _aIncludes music.
500 _aIssued in parts, 1935-60.
504 _aVol. 37 [pt. 2]--v. 40: Ap^endice.
650 0 _aEncyclopedias and dictionaries, Portuguese.
_6S16243.1
949 _aAE37
_wlcc
_i-83944
_mMAIN
_tBOOK
_lON-SHELF
949 _aAE37
_wlcc
_i-83945
_mMAIN
_tBOOK
_lON-SHELF
949 _aAE37
_wlcc
_i-83946
_mMAIN
_tBOOK
_lON-SHELF
949 _aAE37
_wlcc
_i-83947
_mMAIN
_tBOOK
_lON-SHELF
949 _aAE37
_wlcc
_i-83948
_mMAIN
_tBOOK
_lON-SHELF
949 _aAE37
_wlcc
_i-83949
_mMAIN
_tBOOK
_lON-SHELF
949 _aAE37
_wlcc
_i-83950
_mMAIN
_tBOOK
_lON-SHELF
949 2 5 _aAE37
_wlcc
_i-83951
_mMAIN
_tBOOK
_lON-SHELF
949 5 5 _aAE37
_wlcc
_i-83952
_mMAIN
_tBOOK
_lON-SHELF
949 5 5 _aAE37
_wlcc
_i-83953
_mMAIN
_tBOOK
_lON-SHELF
949 5 5 _aAE37
_wlcc
_i-83954
_mMAIN
_tBOOK
_lON-SHELF
949 5 5 _aAE37
_wlcc
_i-83955
_mMAIN
_tBOOK
_lON-SHELF
949 5 5 _aAE37
_wlcc
_i-83956
_mMAIN
_tBOOK
_lON-SHELF
949 5 5 _aAE37
_wlcc
_i-83957
_mMAIN
_tBOOK
_lON-SHELF
949 5 5 _aAE37
_wlcc
_i-83958
_mMAIN
_tBOOK
_lON-SHELF
949 5 5 _aAE37
_wlcc
_i-83959
_mMAIN
_tBOOK
_lON-SHELF
949 5 5 _aAE37
_wlcc
_i-83960
_mMAIN
_tBOOK
_lON-SHELF
949 5 5 _aAE37
_wlcc
_i-83961
_mMAIN
_tBOOK
_lON-SHELF
949 5 5 _aAE37
_wlcc
_i-83962
_mMAIN
_tBOOK
_lON-SHELF
949 5 5 _aAE37
_wlcc
_i-83963
_mMAIN
_tBOOK
_lON-SHELF
949 5 7 _aAE37
_wlcc
_i-83964
_mMAIN
_tBOOK
_lON-SHELF
949 5 7 _aAE37
_wlcc
_i-83965
_mMAIN
_tBOOK
_lON-SHELF
949 5 7 _aAE37
_wlcc
_i-83966
_mMAIN
_tBOOK
_lON-SHELF
949 5 7 _aAE37
_wlcc
_i-83967
_mMAIN
_tBOOK
_lON-SHELF
949 5 7 _aAE37
_wlcc
_i-83968
_mMAIN
_tBOOK
_lON-SHELF
949 5 7 _aAE37
_wlcc
_i-83969
_mMAIN
_tBOOK
_lON-SHELF
949 5 7 _aAE37
_wlcc
_i-83970
_mMAIN
_tBOOK
_lON-SHELF
949 5 7 _aAE37
_wlcc
_i-83971
_mMAIN
_tBOOK
_lON-SHELF
949 5 7 _aAE37
_wlcc
_i-83972
_mMAIN
_tBOOK
_lON-SHELF
949 5 7 _aAE37
_wlcc
_i-83973
_mMAIN
_tBOOK
_lON-SHELF
949 5 7 _aAE37
_wlcc
_i-83974
_mMAIN
_tBOOK
_lON-SHELF
949 5 7 _aAE37
_wlcc
_i-83975
_mMAIN
_tBOOK
_lON-SHELF
949 5 7 _aAE37
_wlcc
_i-83976
_mMAIN
_tBOOK
_lON-SHELF
949 5 7 _aAE37
_wlcc
_i-83977
_mMAIN
_tBOOK
_lON-SHELF
949 5 7 _aAE37
_wlcc
_i-83978
_mMAIN
_tBOOK
_lON-SHELF
949 5 7 _aAE37
_wlcc
_i-83979
_mMAIN
_tBOOK
_lON-SHELF
949 5 7 _aAE37
_wlcc
_i-83980
_mMAIN
_tBOOK
_lON-SHELF
949 5 7 _aAE37
_wlcc
_i-83981
_mMAIN
_tBOOK
_lON-SHELF
004 63258
999 _c171250
_d171250